Principles of ethics in information technology / (Record no. 14661)
[ view plain ]
| 000 -LEADER | |
|---|---|
| fixed length control field | 00552nam a22001817a 4500 |
| 003 - CONTROL NUMBER IDENTIFIER | |
| control field | URS |
| 005 - DATE AND TIME OF LATEST TRANSACTION | |
| control field | 20250702134206.0 |
| 008 - FIXED-LENGTH DATA ELEMENTS--GENERAL INFORMATION | |
| fixed length control field | 170531b xxu||||| |||| 00| 0 eng d |
| 020 ## - INTERNATIONAL STANDARD BOOK NUMBER | |
| International Standard Book Number | 9789814314466 |
| 040 ## - CATALOGING SOURCE | |
| Language of cataloging | English |
| Transcribing agency | URS |
| Description conventions | rda |
| 050 ## - LIBRARY OF CONGRESS CALL NUMBER | |
| Classification number | T585.I55 |
| Item number | R463 2011 |
| 100 ## - MAIN ENTRY--PERSONAL NAME | |
| Personal name | Reynolds, George W., |
| Relator term | author. |
| 245 ## - TITLE STATEMENT | |
| Title | Principles of ethics in information technology / |
| Statement of responsibility, etc | George W. Reynolds. |
| 264 ## - PUBLICATION, DISTRIBUTION, ETC. (IMPRINT) | |
| Place of publication, distribution, etc | Singapore : |
| Name of publisher, distributor, etc | Cengage Learning Asia Pte. Ltd., |
| Date of publication, distribution, etc | ©2010. |
| 300 ## - PHYSICAL DESCRIPTION | |
| Extent | xxi, 473 pages ; |
| Dimensions | 24 cm. |
| 500 ## - GENERAL NOTE | |
| General note | Includes index. |
| 942 ## - ADDED ENTRY ELEMENTS (KOHA) | |
| Source of classification or shelving scheme | Library of Congress Classification |
| Koha item type | Reserved Books |
| Withdrawn status | Lost status | Source of classification or shelving scheme | Damaged status | Not for loan | Collection code | Home library | Current library | Shelving location | Date acquired | Total Checkouts | Full call number | Barcode | Date last seen | Price effective from | Koha item type | Copy number | Source of acquisition |
|---|---|---|---|---|---|---|---|---|---|---|---|---|---|---|---|---|---|
| Library of Congress Classification | Non-fiction | Binangonan College Library | Binangonan College Library | Foreign Section | 06/07/2023 | T585.I55 R463 2011 | URSBIN-01258 | 05/31/2017 | 05/31/2017 | Foreign Books | |||||||
| Library of Congress Classification | Non-fiction | Binangonan College Library | Binangonan College Library | Foreign Section | 06/07/2023 | T585.I55 R463 2011 | URSBIN-01259 | 05/31/2017 | 05/31/2017 | Foreign Books | |||||||
| Library of Congress Classification | Non-fiction | Binangonan College Library | Binangonan College Library | Foreign Section | 06/07/2023 | T585.I55 R463 2011 | URSBIN-01193 | 05/31/2017 | 05/31/2017 | Foreign Books | |||||||
| Library of Congress Classification | Non-fiction | Binangonan College Library | Binangonan College Library | Foreign Section | 06/07/2023 | T585.I55 R463 2011 | URSBIN-01262 | 05/31/2017 | 05/31/2017 | Foreign Books | |||||||
| Library of Congress Classification | Reference | Morong College Library | Morong College Library | 07/30/2015 | HF 5387.R333 2010 | URSMOR-CL-25988 | 07/30/2015 | 01/16/2023 | Filipiniana | 1 | |||||||
| Library of Congress Classification | Non-fiction | Taytay College Library | Taytay College Library | Foreign Section | 07/15/2015 | HF5387 .R494 2013 | URSTAY-4468 | 07/02/2025 | 07/02/2025 | Foreign Books | 1 | Purchased |